| 000 | 01098nam a22002295i 4500 | ||
|---|---|---|---|
| 001 | 157017 | ||
| 003 | ES-MaACL | ||
| 005 | 20250814033437.0 | ||
| 008 | 040806m18911898fr a |||| | fre d | ||
| 040 |
_aCAM _bspa _cCAM |
||
| 100 | 1 |
_aLang, Arnold. _9128662 |
|
| 245 | 1 | 0 |
_aTraité d'anatomie comparée et de zoologie / _cpar Arnold Lang; traduit de l'allemand par G. Curtel. |
| 260 |
_aParis : _bGeorges Carré et C. Naud éditeurs, _c[1891]-1898. |
||
| 300 |
_a2 v. : _bil. ; _c25 cm. |
||
| 505 | 8 | _aContiene: T.I, Protozoaires, Zoophytes, Vers, Arthropodes (635 p.) - T.II, Mollusques, Echinodermes (577 p.) | |
| 596 | _aEl imp. del t.I es: Tours, imp. Deslis Frères y el del t.II: Chartres, Imprimerie Durand. | ||
| 596 | _aEl t.I no tiene fecha del pie de imp., fecha tomada del catálogo de la BNF. | ||
| 650 | 7 |
_aZoología _2embne _917868 |
|
| 700 | 1 |
_aCurtel, Georges. _9126674 |
|
| 852 |
_aES-MaACL _jD-532-533 _z-- Enc. editorial en tela _z-- Sobre el pie de imp. del t.I hay una banderilla donde consta: Paris, Masson et c\pie\s éditeurs |
||
| 999 |
_c157017 _d157017 |
||